[Event "Tarrega Lleida op"]
[Site "Tarrega"]
[Date "2017.05.20"]
[Round "5.3"]
[White "Estruch Andreu, Lluc"]
[Black "Campos Olaya, Israel"]
[Result "0-1"]
[WhiteElo "1432"]
[BlackElo "2165"]
[PlyCount "42"]
[EventDate "2017.04.22"]
[EventType "swiss"]
[EventRounds "8"]
[EventCountry "ESP"]
[SourceTitle "EXT 2024"]
[Source "ChessBase"]
[SourceDate "2023.10.10"]
[SourceVersion "1"]
[SourceVersionDate "2023.10.10"]
[SourceQuality "1"]

1. d4 Nf6 2. Bg5 d5 3. Nf3 Ne4 4. Bf4 e6 5. e3 c5 6. Bd3 Nc6 7. c3 f5 8. 0-0 Be7 9. Bxe4 fxe4 10. Ne5 0-0 11. Nd2 cxd4 12. exd4 Rxf4 13. Nxc6 bxc6 14. Re1 Bd6 15. Nf1 Qf6 16. Qc2 Ba6 17. Ne3 Rxf2 18. Qd1 Qh4 19. h3 Qg3 20. Qg4 Qh2+ 21. Kxf2 Rf8+ 0-1